La producción del espacio (Registro nro. 299600)

Detalles MARC
000 -ENCABEZADO
Número de control [NR] 01175cam a2200313Ma 4500
005 - FECHA Y HORA DE LA ÚLTIMA TRANSACCIÓN
control field 20150430144730.0
008 - DE LONGITUD FIJA DE DATOS DE ELEMENTOS - INFORMACIÓN GENERAL
Elementos de longitud fija [NR] 150430s2013 sp fr 000 0 spa d
020 ## - NUMERO INTERNACIONAL NORMALIZADO PARA LIBROS [R]
Número Internacional Normalizado del libro [NR] 9788494169052
020 ## - NUMERO INTERNACIONAL NORMALIZADO PARA LIBROS [R]
Número Internacional Normalizado del libro [NR] 849416905X
035 ## - NUMERO DE CONTROL DEL SISTEMA [R]
Número de control del sistema [NR] (OCoLC)889918944
040 ## - FUENTE DE CATALOGACION [NR]
Agencia de catalogación original [NR] CO-BoUCM
Idioma de catalogación [NR] spa
Quien Cataloga Jose A. Gerena
Quien Clasifica Jose A. Gerena
041 1# - CODIGO DE IDIOMA [R]
Código de idioma para texto/pista de sonido o título separado [R] Español
Language code of original and/or intermediate translations of text fre
100 1# - ASIENTO PRINCIPAL--NOMBRE PERSONAL [NR]
Nombre personal [NR] Lefebvre, Henri
ID Autoridad 68534
245 13 - MENCION DE TITULO [NR]
Título [NR] La producción del espacio
Mención de responsabilidad, etc. [NR] Henri Lefebvre ; prólogo de Ion Martínez Lorea ; introducción y traducción de Emilio Martínez Gutiérrez
260 ## - PUBLICACION, DISTRIBUCION, ETC. (PIE DE IMPRENTA) [R]
Lugar de publicación, distribución, etc. [R] Madrid (España)
Nombre del editor, distribuidor, etc. [R] Capitán Swing
Fecha de publicación, distribución, etc. [R] 2013
300 ## - DESCRIPCION FISICA [R]
Extensión [R] 451 páginas
490 ## - MENCION DE SERIE [R]
Mención de serie [R] entrelíneas
546 ## - NOTA DE IDIOMA [R]
Nota de idioma [NR] Trad. de: La Production de l'espace.
650 07 - ASIENTO SECUNDARIO DE MATERIA - TERMINO TEMATICO [R]
Término temático o nombre geográfico como elemento de entrada [NR] Urbanismo
9 (RLIN) 25989
650 07 - ASIENTO SECUNDARIO DE MATERIA - TERMINO TEMATICO [R]
Término temático o nombre geográfico como elemento de entrada [NR] Espacio y arquitectura
9 (RLIN) 14887
Subdivisión general [R] Aspectos filosóficos
650 07 - ASIENTO SECUNDARIO DE MATERIA - TERMINO TEMATICO [R]
Término temático o nombre geográfico como elemento de entrada [NR] Sociología urbana
9 (RLIN) 24816
650 07 - ASIENTO SECUNDARIO DE MATERIA - TERMINO TEMATICO [R]
Término temático o nombre geográfico como elemento de entrada [NR] Espacio y tiempo
9 (RLIN) 14888
Subdivisión general [R] Aspectos filosóficos
690 ## - ASUNTO AGREGADO LOCAL DE ENTRADA - TÉRMINO TEMÁTICO (OCLC, RLIN)
9 (RLIN) 42923
Acceso temático local Urbanismo
700 1# - ASIENTO SECUNDARIO - NOMBRE PERSONAL [R]
Nombre personal [NR] Martínez Lorea, Ion
Término de relación [R] prólogo
9 (RLIN) 68535
700 1# - ASIENTO SECUNDARIO - NOMBRE PERSONAL [R]
Nombre personal [NR] Martínez Gutiérrez, Emilio
Término de relación [R] traductor
9 (RLIN) 68536
765 1# - ASIENTO DE IDIOMA ORIGINAL [R]
Título [NR] La Production de l'espace.
942 ## - ELEMENTOS DE ENTRADA AGREGADOS (KOHA)
Sistema de clasificación DEWEY
Tema principal Arte
Tipo de ítem principal el descrito en 300a Libro
Edición 1
Clasificación 711.01
Parte restante de la signatura top. L489
Existencias
Fecha de último préstamo Total préstamos Total Renewals Signatura topográfica Código de barras Última vez visto Ejemplar Costo de reposición Price effective from Tipo de ítem Perdido Sistema de clasificación Dañado No prestable Tipo de ítem específico Suprimido Ubicación habitual Ubicación actual Localización Fecha de creación Proveedor Forma de adquisición Costo
07/04/2026 18 9 711.01 L489 100146230 07/04/2026 Ej.1 62900.00 30/04/2015 Libro   DEWEY     Libro   Claustro Claustro 2do piso 30/04/2015 14 Compra 62900.00